TRIG offers help (Record no. 72934)
[ view plain ]
| 000 -LEADER | |
|---|---|
| fixed length control field | 00980cam a2200205 4500 |
| 001 - CONTROL NUMBER | |
| control field | WB3924-15 |
| 008 - FIXED-LENGTH DATA ELEMENTS--GENERAL INFORMATION | |
| fixed length control field | 030626n2003 000 0 eng u |
| 035 ## - SYSTEM CONTROL NUMBER | |
| System control number | (Sirsi) u122759 |
| 245 ## - TITLE STATEMENT | |
| Title | TRIG offers help |
| 260 ## - PUBLICATION, DISTRIBUTION, ETC. | |
| Date of publication, distribution, etc. | 2003 |
| 490 ## - SERIES STATEMENT | |
| Series statement | Farmers' Weekly |
| Volume/sequential designation | 138(23) 6 June 2003, 7 & 21(1) |
| 520 ## - SUMMARY, ETC. | |
| Summary, etc. | The Tenancy Reform Industry Group (TRIG) has published a report aimed at helping tenant farmers diversify. The Tenant Famers Association claims that many tenants are limited in their attempts to diversify by the terms of their tenancy agreements and the reluctance of landlords to give approval. The report proposes several measures including a code of practice for landlords and tenants to agree terms for diversification on agricultural holdings. |
| 590 ## - LOCAL NOTE (RLIN) | |
| Local note | WB |
| 650 ## - SUBJECT ADDED ENTRY--TOPICAL TERM | |
| Topical term or geographic name entry element | FARM BUSINESS TENANCY AGREEMENTS |
| 650 ## - SUBJECT ADDED ENTRY--TOPICAL TERM | |
| Topical term or geographic name entry element | TENANCY RIGHTS |
| 650 ## - SUBJECT ADDED ENTRY--TOPICAL TERM | |
| Topical term or geographic name entry element | RURAL BUSINESSES |
| 650 ## - SUBJECT ADDED ENTRY--TOPICAL TERM | |
| Topical term or geographic name entry element | RURAL DIVERSIFICATION |
| 690 ## - LOCAL SUBJECT ADDED ENTRY--TOPICAL TERM (OCLC, RLIN) | |
| Topical term or geographic name as entry element | RURAL-AGRICULTURE AND FORESTRY |
| 942 ## - ADDED ENTRY ELEMENTS (KOHA) | |
| Suppress in OPAC | 0 |
| Withdrawn status | Lost status | Source of classification or shelving scheme | Damaged status | Not for loan | Home library | Current library | Shelving location | Date acquired | Total Checkouts | Full call number | Barcode | Date last seen | Copy number | Price effective from | Koha item type |
|---|---|---|---|---|---|---|---|---|---|---|---|---|---|---|---|
| Dewey Decimal Classification | London | London | News article | 26/06/2003 | WB3924-15 | 122759-1001 | 06/08/2019 | 1 | 06/08/2019 | News article |